00912cam a2200277 a 4500001000800000005001700008008004100025010001700066020001500083020001800098035001200116040001800128050002400146082002000170100003000190245003900220260003500259300002100294336002600315337002800341338002700369906004500396942001200441999001900453952016200472240498320260216155431.0860411s1986 nyu 000 0 eng  a 86009471  a0399132007 a9780399132001 a2404983 aDLCcDLCdDLC00aPN6162b.R6334 198600a814.54219bROO1 aRooney, Andrew A.913325510aWord for word /cAndrew A. Rooney. aNew York :bG. Putnam,cc1986. a287 p. ;c24 cm. atextbtxt2rdacontent aunmediatedbn2rdamedia avolumebnc2rdacarrier a7bcbccorignewd1eocipf19gy-gencatlg 2ddccBK c616217d616217 00102ddc4070aNLSbNLSd2026-02-16eDonated by Mr. Salahuddin Khan Advocate Supreme Court of Pakistanl0o814.54 ROOpNLSD-572r2026-02-16w2026-02-16yBK